| 000 | 00484cam a2200193ua 4500 | ||
|---|---|---|---|
| 020 | _c8.00 | ||
| 041 |
_aeng _h |
||
| 082 |
_a633.85 _bJOS/SE |
||
| 100 | _aJoshy, A,B . | ||
| 245 |
_aSesamum / _cA,B Joshy. _hTextual Documents |
||
| 260 |
_aHyderabad : _bR.Sankaran, secretory, Indian central oilseeds committee , _c1961. |
||
| 300 | _a109 ; . | ||
| 365 | _a8.00 | ||
| 504 | _a | ||
| 942 | _cBK | ||
| 999 |
_c1293 _d1293 |
||